Miasta w Polsce z trójznakiem "dzi" w swojej nazwie - Statystyki

Ogólne statystyki
  • Ten quiz został rozwiązany 63 razy
  • Średni wynik to 11 z 28
Statystyki odpowiedzi
Województwo Miasto % Poprawnych
Dolnośląskie Dzierżoniów
73%
Świętokrzyskie Wodzisław
65%
Opolskie Zdzieszowice
65%
Warmińsko-Mazurskie Działdowo
62%
Śląskie Wodzisław Śląski
62%
Zachodniopomorskie Dziwnów
54%
Warmińsko-Mazurskie Nidzica
50%
Śląskie Będzin
46%
Śląskie Radzionków
46%
Wielkopolskie Chodzież
42%
Łódzkie Działoszyn
42%
Kujawsko-Pomorskie Radziejów
42%
Dolnośląskie Świebodzice
38%
Śląskie Czechowice-Dziedzice
35%
Pomorskie Dzierzgoń
35%
Mazowieckie Grodzisk Mazowiecki
35%
Wielkopolskie Grodzisk Wielkopolski
35%
Kujawsko-Pomorskie Grudziądz
35%
Śląskie Lędziny
35%
Świętokrzyskie Sędziszów
35%
Podkarpackie Sędziszów Małopolski
35%
Lubuskie Świebodzin
35%
Świętokrzyskie Działoszyce
31%
Opolskie Kędzierzyn-Koźle
31%
Opolskie Dobrodzień
27%
Wielkopolskie Pobiedziska
23%
Śląskie Ogrodzieniec
19%
Dolnośląskie Nowogrodziec
12%
Nie znaleziono quizów pasujących do podanych kryteriów
Rozkład punktacji
Procent ludzi z każdym wynikiem
Percentyl według liczby udzielonych odpowiedzi
Twoja historia wyników
Nie rozwiązałeś tego quizu